<?xml version="1.0" encoding="UTF-8"?>
<record
    xmlns:xsi="http://www.w3.org/2001/XMLSchema-instance"
    xsi:schemaLocation="http://www.loc.gov/MARC21/slim http://www.loc.gov/standards/marcxml/schema/MARC21slim.xsd"
    xmlns="http://www.loc.gov/MARC21/slim">

  <leader>01913nam a2200325Ia 4500</leader>
  <controlfield tag="001">dia_1821</controlfield>
  <controlfield tag="003">CHAP</controlfield>
  <controlfield tag="005">20251021145933.0</controlfield>
  <controlfield tag="008">220601s9999    xx            000 0 und d</controlfield>
  <datafield tag="040" ind1=" " ind2=" ">
    <subfield code="c">CHAP</subfield>
  </datafield>
  <datafield tag="082" ind1=" " ind2=" ">
    <subfield code="a">631.523 S47 1978</subfield>
  </datafield>
  <datafield tag="111" ind1=" " ind2=" ">
    <subfield code="a">Sesiones de Trabajo An&#xE1;lisis de los Recursos Gen&#xE9;ticos Disponibles a M&#xE9;xico (1978 may. 10-12 : Chapingo, M&#xE9;xico)</subfield>
    <subfield code="9">175758</subfield>
  </datafield>
  <datafield tag="245" ind1=" " ind2=" ">
    <subfield code="a">An&#xE1;lisis de los recursos gen&#xE9;ticos disponibles a M&#xE9;xico / edici&#xF3;n Tarcicio Cervantes Santana ; sesiones de trabajo organizados por la Sociedad Mexicana de Fitogen&#xE9;tica, A. C. efectuados del 10 al 12 de Mayo de 1978 en Chapingo, M&#xE9;xico</subfield>
  </datafield>
  <datafield tag="260" ind1=" " ind2=" ">
    <subfield code="a">M&#xE9;xico : Sociedad Mexicana de Fitogen&#xE9;tica</subfield>
  </datafield>
  <datafield tag="300" ind1=" " ind2=" ">
    <subfield code="a">xix, 492 p.</subfield>
  </datafield>
  <datafield tag="503" ind1=" " ind2=" ">
    <subfield code="a">D.</subfield>
  </datafield>
  <datafield tag="504" ind1=" " ind2=" ">
    <subfield code="a">Incluye bibliograf&#xED;as</subfield>
  </datafield>
  <datafield tag="505" ind1=" " ind2=" ">
    <subfield code="a">Sesi&#xF3;n 1. Problemas relacionados con los recursos gen&#xE9;ticos \ Sesi&#xF3;n 2. Cultivos productores de carbohidratos \ Sesi&#xF3;n 3. Cultivos productores de sustancias estimulantes y forrajeros \ Sesi&#xF3;n 4. Cultivos productores de grasas y prote&#xED;nas \ Sesi&#xF3;n 5. Cultivos frut&#xED;colas: a) de clima tropical y subtropical ; b) de clima templado \ Sesi&#xF3;n 6. Cultivos hort&#xED;colas \ Sesi&#xF3;n 7. Cultivos varios \ Sesi&#xF3;n 8. Recursos gen&#xE9;ticos varios \ Sesi&#xF3;n 9. Utilizaci&#xF3;n de los recursos gen&#xE9;ticos \ Sesi&#xF3;n 10. Reuni&#xF3;n general</subfield>
  </datafield>
  <datafield tag="590" ind1=" " ind2=" ">
    <subfield code="a">QH433 S47 1978</subfield>
  </datafield>
  <datafield tag="650" ind1=" " ind2=" ">
    <subfield code="a">1. Gen&#xE9;tica vegetal - Congresos, conferencias, etc. - M&#xE9;xico </subfield>
  </datafield>
  <datafield tag="650" ind1=" " ind2=" ">
    <subfield code="a">Recursos gen&#xE9;ticos </subfield>
    <subfield code="9">95078</subfield>
  </datafield>
  <datafield tag="650" ind1=" " ind2=" ">
    <subfield code="a">Plant genetics - Congresses - Mexico </subfield>
  </datafield>
  <datafield tag="650" ind1=" " ind2=" ">
    <subfield code="a">Genetic resources</subfield>
  </datafield>
  <datafield tag="700" ind1=" " ind2=" ">
    <subfield code="a">Cervantes Santana, Tarcicio, ed.</subfield>
    <subfield code="9">175760</subfield>
  </datafield>
  <datafield tag="711" ind1=" " ind2=" ">
    <subfield code="a">Sesiones de Trabajo An&#xE1;lisis de los Recursos Gen&#xE9;ticos Disponibles a M&#xE9;xico (1978 may. 10-12 : Chapingo, M&#xE9;xico) &#xCC;</subfield>
    <subfield code="9">175761</subfield>
  </datafield>
  <datafield tag="901" ind1=" " ind2=" ">
    <subfield code="a">631.523 S47 1978</subfield>
  </datafield>
  <datafield tag="902" ind1=" " ind2=" ">
    <subfield code="a">M</subfield>
  </datafield>
  <datafield tag="905" ind1=" " ind2=" ">
    <subfield code="a">5232271978                          mx abin8222323322spa16</subfield>
  </datafield>
  <datafield tag="942" ind1=" " ind2=" ">
    <subfield code="c">LIBRO</subfield>
    <subfield code="2">ddc</subfield>
  </datafield>
  <datafield tag="999" ind1=" " ind2=" ">
    <subfield code="c">209290</subfield>
    <subfield code="d">209290</subfield>
  </datafield>
  <datafield tag="952" ind1=" " ind2=" ">
    <subfield code="0">0</subfield>
    <subfield code="1">0</subfield>
    <subfield code="2">ddc</subfield>
    <subfield code="4">0</subfield>
    <subfield code="7">0</subfield>
    <subfield code="8">GRAL</subfield>
    <subfield code="a">IA_</subfield>
    <subfield code="b">IA_</subfield>
    <subfield code="c">1</subfield>
    <subfield code="d">2022-06-01</subfield>
    <subfield code="l">0</subfield>
    <subfield code="p">dia_001510</subfield>
    <subfield code="r">2022-06-01 00:00:00</subfield>
    <subfield code="t">2</subfield>
    <subfield code="w">2022-06-01</subfield>
    <subfield code="y">LIBRO</subfield>
  </datafield>
  <datafield tag="952" ind1=" " ind2=" ">
    <subfield code="0">0</subfield>
    <subfield code="1">0</subfield>
    <subfield code="2">ddc</subfield>
    <subfield code="4">0</subfield>
    <subfield code="7">0</subfield>
    <subfield code="8">GRAL</subfield>
    <subfield code="a">IA_</subfield>
    <subfield code="b">IA_</subfield>
    <subfield code="c">1</subfield>
    <subfield code="d">2022-06-01</subfield>
    <subfield code="l">0</subfield>
    <subfield code="p">dia_001509</subfield>
    <subfield code="r">2022-06-01 00:00:00</subfield>
    <subfield code="t">1</subfield>
    <subfield code="w">2022-06-01</subfield>
    <subfield code="y">LIBRO</subfield>
  </datafield>
</record>
